00892cam a2200217 a 450000100100000000500170001000800410002704000300006808200170009810000340011524500530014926000980020230000420030050000630034260000460040565100430045191000330049404900090052795201210053699900170065700001910220200929165926.0750618s1966 ve abc 000 0 spa d aDO-SdBNPbspacDLCdBNPHU a923.9bM672p1 aPineda, Rafael,d1926-94110010aFrancisco de Miranda en Italia /cRafael Pineda. aLos Teques [Venezuela] :bGobierno del Estado Miranda,bCasa de la Cultura Los Teques,c1966. a86 p. :bil., mapas, retrs. ;c22 cm. a"Homenaje en el sesquicentenario de la muerte de Miranda."14aMIRANDA, FRANCISCO DE,d1750-1816.910352 4aItaliaxDescripciones Y Viajes.941106 aCatalogación derivada / LC aBNGR 001054708MOaGRbGRcCTd2010-05-25iLF1l0o923.9 M672pp19102-10r2020-06-25w2020-06-25y4ZPréstamo en sala c18620d18620